Statistics for UK Restaurant Chains

Click here to take the quiz!

General Stats

  • This quiz has been taken 337 times
  • The average score is 14 of 56

Answer Stats

CuisineAnswer% Correct
Fast FoodMcDonalds
93%
Fast FoodBurger King
83%
Fast FoodKFC
80%
ChickenNando's
71%
Fast FoodPizza Hut
70%
ItalianPizza Express
64%
Fast FoodSubway
56%
JapaneseWagamama
53%
ItalianFrankie & Benny's
44%
ItalianBella Italia
43%
JapaneseYO! Sushi
38%
ItalianZizzi
38%
AmericanTGI Fridays
36%
ItalianPrezzo
34%
FrenchCafe Rouge
32%
BurgerFive Guys
32%
MexicanChiquito
31%
ItalianASK Italian
30%
PubHarvester
30%
Fish & ChipsHarry Ramsden's
26%
BurgerGourmet Burger Kitchen
24%
SteakhouseMiller & Carter
22%
AmericanWimpy
22%
ItalianJamie's Italian
21%
Latin AmericanLas Iguanas
21%
WorldGiraffe
19%
PotatoesSpudulike
19%
ItalianCarluccio's
17%
BurgerByron
16%
PubToby Carvery
16%
BrasserieCote
15%
CaribbeanTurtle Bay
14%
Pub / BarSlug & Lettuce
13%
AmericanEd's Easy Diner
11%
JapaneseItsu
11%
BrasserieBrowns
9%
SpanishLa Tasca
9%
PubAll Bar One
8%
BritishLittle Chef
8%
MexicanWahaca
8%
CafeEAT.
7%
BurgerHandmade Burger Co
7%
JapaneseWasabi
7%
CafeLeon
6%
SeafoodLoch Fyne
6%
ItalianStrada
6%
MexicanChimichanga
5%
ChineseChopstix
4%
Latin AmericanTortilla
4%
Pub / BarYates
4%
AmericanCoast to Coast
3%
Fast FoodChicken Cottage
2%
Pub / BarWalkabout
1%
CafeCrussh
0%
CafeLe Pain Quotidien
0%
ItalianPiccolino
0%

Score Distribution

Percentile by Number Answered

Percent of People with Each Score

Your Score History

You have not taken this quiz